LEADER 00892nam a2200241 i 4500 001 000000249426 003 CaOOAMICUS 005 20160517000000.0 008 160517s1982 it u000 u ita u 013 $a228331 040 $aSeMil$bita 100 1 $aMorretta, Angelo.$0(OLS)http://semarc/name/69124 245 10$aMiti indiani /$cdi Angelo Morretta. 260 $aMilano :$bLonganesi,$c1982. 300 $a364 p. :$bill. ;$c22 cm. 490 0 $aIl cammeo ;$v22 650 4$aInduismo - Miti.$0(OLS)http://semarc/subject/32906 830 3$aIl cammeo ;$v22.$0(OLS)http://semarc/title/7213 850 $aSeMil 852 $aSeMil$W1$xVenegono$y1$m2R III 415$j199772$B199772$CSeMilBibl$Z2$F211271 $81 961 $aLascito: Istituto San Vincenzo 996 $6245$aMiti indiani$9(OLS)http://semarc/title/351583 996 $6260$aMilano :$bLonganesi$9(OLS)http://semarc/publisher/30008 LEADER 01181nam a2200265 i 4500 001 000000037411 003 CaOOAMICUS 005 20250516145044.0 008 130321s1970 it u000 u ita u 013 $a7669 040 $aSeMil$bita 100 1 $aBalthasar, Hans Urs : von,$c.$0(OLS)http://semarc/name/881 240 10$aVerbum Caro.$0(OLS)http://semarc/title/429097 245 10$aVerbum caro /$cHans Urs von Balthasar ; prefazione di Divo Barsotti. 250 $a2. Ed. 264 1$aMilano :$bJaca Book,$c1970. 300 $a302 p. ;$c23 cm. 700 1 $aBarsotti, Divo,$c.$0(OLS)http://semarc/name/15111 773 0 $aBalthasar, Hans Urs : von $tSez. 5: Saggi teologici.$dBrescia : Morcelliana, 1968-1991.$kHans Urs von Balthasar Opere$g1$w()3348 830 0$aHans Urs von Balthasar Opere ;$v20.$0(OLS)http://semarc/title/430463 850 $aSeMil 852 $aSeMil$W1$xVenegono$y1$m2LL IV 20$j257216$B3566$CSeMilBibl$Z2$F3566 $81 996 $6245$aVerbum caro$9(OLS)http://semarc/title/52351 996 $6264$aMilano :$bJaca Book$9(OLS)http://semarc/publisher/29781 LEADER 01144nam a2200229 i 4500 001 000000192712 003 CaOOAMICUS 005 20100927000000.0 008 100927s1959 it u000 u ita u 013 $a171337 040 $aSeMil$bita 100 1 $aNicolosi, Salvatore.$0(OLS)http://semarc/name/28976 245 14$aIl "De providentia" di Sinesio di Cirene :$bstudio critico e traduzione /$cSalvatore Nicolosi. 260 $aPadova :$bCEDAM,$c1959. 300 $a226 p. ;$c25 cm. 490 0 $aPubblicazioni dell'Istituto universitario di Magistero di Catania. Serie filosofica : saggi e monografie ;$v15 650 4$aSinesio : di Cirene . De providentia.$0(OLS)http://semarc/subject/36253 830 0$aPubblicazioni dell'Istituto universitario di Magistero di Catania. Serie filosofica ;$v15.$0(OLS)http://semarc/title/19027 850 $aSeMil 852 $aSeMil$W1$xVenegono$y1$m2U V 174$j143287$B143287$CSeMilBibl$Z2$F154757 $81 996 $6245$aIl "De providentia" di Sinesio di Cirene :$bstudio critico e traduzione$9(OLS)http://semarc/title/277782 996 $6260$aPadova :$bCEDAM$9(OLS)http://semarc/publisher/30274